000 00601nam a2200217 i 4500
001 C2-0124835
003 PPAK
005 20180727114852.0
008 970907s1971 ph |||| ||||| | may d
040 _aPPAK
_beng
_cPPAK
_erda
082 0 4 _a406.599
_223
090 0 0 _a406.599
_bTAU
_dKIH
245 0 0 _aTaunang Ulat :
_bannual report 1970-1971
264 1 _aManila :
_bInstitute of National Language ,
_c1971
300 _a54 pages ;
_c20 cm
336 _2rdacontent
_atext
337 _2rdamedia
_aunmediated
338 _2rdacarrier
_avolume
650 1 0 _aLanguage and languages
942 _ddc
_cB
999 _c36571
_d36571